000 01048nam a22002657a 4500
003 PE SENCICO BE
005 20251020182639.0
008 230711b |||||||| |||| 00| 0 eng d
040 _aPE SENCICO BE
_cPE SENCICO BE
041 _aspa
084 _aI
_aTOP
_a2014
_bC27
100 1 _91227
_aCárdenas Morales, Guillermo Junior
_eautor
245 1 _aCoordenadas UTM aplicado a la cartografía peruana /
_cGuillermo Junior Cárdenas Morales
260 _aLima :
_c2014
300 _a57 h. :
_bil. col., tabls. ;
_c29 cm.
502 _aMonografía de Titulación.-- Servicio Nacional de Capacitación para la Industria de la Construcción. Escuela Superior Técnica. Carrera Profesional Técnica en Topografía y Geodesía, 2014.
504 _aBibliografía: h. 56.
650 1 4 _94
_aTopografía
650 2 4 _91
_aCartografía
650 2 4 _92
_aGeodesia
650 2 4 _9911
_aGPS
710 1 _aServicio Nacional de Capacitación para la Industria de la Construcción.
_bEscuela Superior Técnica
_91065
910 _bhfp
_chfp
942 _cMON
999 _c4238
_d4238